Research on Politeness in the Spanish-speaking World : (Record no. 611478)

MARC details
000 -LEADER
fixed length control field 00550nam a2200193 a 4500
008 - FIXED-LENGTH DATA ELEMENTS--GENERAL INFORMATION
fixed length control field 260210s2007##################000#0#eng##
020 ## - INTERNATIONAL STANDARD BOOK NUMBER
ISBN 9780805852271
082 04 - DEWEY DECIMAL CLASSIFICATION NUMBER
Classification number 306.44
Item number PLA
100 1# - MAIN ENTRY--AUTHOR NAME
Personal name Placencia, María Elena,
245 10 - TITLE STATEMENT
Title Research on Politeness in the Spanish-speaking World :
260 ## - PUBLICATION, DISTRIBUTION, ETC. (IMPRINT)
Name of publisher Psychology Press,
Year of publication 2007.
300 ## - PHYSICAL DESCRIPTION
Number of Pages 442 pages
650 #0 - SUBJECT ADDED ENTRY--TOPICAL TERM
Topical Term Language Arts & Disciplines.
942 ## - ADDED ENTRY ELEMENTS (KOHA)
Koha item type English Books

No items available.

Find us on the map